Statistics for Portugal Country Quiz

Click here to take the quiz!

General Stats

  • This quiz has been taken 29,751 times
    (14,034 since last reset)
  • The average score is 13 of 20

Answer Stats

ClueAnswer% Correct
Capital cityLisbon
99%
Bordering countrySpain
99%
Peninsula on which Portugal liesIberia
92%
Second-largest cityPorto
87%
Country colonized in 1500Brazil
87%
Five times voted the best player
in international football
Cristiano Ronaldo
82%
Colony returned to China in 1999Macau
79%
Explorer who sailed to IndiaVasco da Gama
70%
Atlantic archipelagosAzores
69%
Country allied with Portugal
since 1373
United Kingdom
(England)
67%
Explorer who started the
first circumnavigation of the world
Ferdinand
Magellan
66%
Muslim group that once ruled PortugalThe {Moor}s
59%
Atlantic archipelagosMadeira
55%
Most common first name
for men (hint: John)
João
54%
Colony seized by India in 1961Goa
52%
Portugal produces 50% of the
world total of this product used
by the wine industry
Cork
49%
Southernmost regionAlgarve
46%
Famous dog breedPortuguese
{Water} Dog
40%
Former currencyEscudo
30%
River and wine regionDouro
30%

Score Distribution

Percentile by Number Answered

Percent of People with Each Score

Your Score History

You have not taken this quiz since the last reset